[Event "Livry-Gargan 2009"]
[Site "Livry-Gargan"]
[Date "2009.05.10"]
[Round "1"]
[White "Guilleux, F."]
[Black "Shchekachev, A."]
[Result "0-1"]
[WhiteElo "2180"]
[BlackElo "2770"]
[Time "00:00:02/00:02:50"]

 1. e4 c5 2. Nf3 e6 3. c3 d5 4. exd5 Qxd5 5. d4 Nf6 6. Be2 cxd4 7. cxd4 Nc6 8. O-O Be7 9. Bf4 O-O 10. Nc3 Qd8 11. Re1 b6 12. Qd2 Bb7 13. Rad1 Nb4 14. Ne5 Rc8 15. a3 Nbd5 16. Bd3 Nxf4 17. Qxf4 Bxa3 18. bxa3 Rxc3 19. Qh4 h6 20. a4 Nd5 21. Qe4 f5 22. Qf3 Ba8 23. Qe2 Nf4 24. Qb2 Bxg2 25. Qxc3 Qg5 26. Bxf5 Bf3+ 27. Bg4 Bxg4 28. Qg3 Bxd1 29. Qxg5 hxg5 30. Rxd1 Nh3+ 31. Kg2 Nf4+ 32. Kg3 Rc8 33. Kg4 Rc2 34. Kxg5 Rxf2 35. Rc1 Nd5 36. Rc8+ Kh7 37. Nd7 Rg2+ 38. Kh4 g5+ 0-1

[Event "Livry-Gargan 2009"]
[Site "Livry-Gargan"]
[Date "2009.05.10"]
[Round "1"]
[White "Kazhgaleyev, M."]
[Black "Maleki, N."]
[Result "1-0"]
[WhiteElo "2750"]
[BlackElo "2170"]
[Time "00:10:37/00:00:54"]

 1. d4 d5 2. c4 c6 3. Nc3 Nf6 4. Nf3 dxc4 5. a4 Bf5 6. Ne5 Nbd7 7. Nxc4 Nb6 8. Ne5 a5 9. e3 h6 10. Bd3 Bxd3 11. Nxd3 e6 12. O-O Be7 13. Qb3 O-O 14. Rd1 Nfd5 15. e4 Nb4 16. Be3 Nd7 17. Na2 Nxa2 18. Rxa2 Qb6 19. Qc2 Rac8 20. Raa1 Rfd8 21. d5 c5 22. dxe6 Qxe6 23. Nf4 Qc6 24. Nd5 Bf8 25. Qc3 Re8 26. f3 Ne5 27. Qxa5 Nc4 28. Qc3 Nxe3 29. Qxe3 Ra8 30. a5 c4 31. Kh1 Bd6 32. Qb6 Qxb6 33. Nxb6 Rad8 34. Nxc4 Bc5 35. g3 1-0

[Event "Livry-Gargan 2009"]
[Site "Livry-Gargan"]
[Date "2009.05.10"]
[Round "1"]
[White "Melloul, C."]
[Black "Tregubov, P."]
[Result "0-1"]
[WhiteElo "2170"]
[BlackElo "2660"]
[Time "00:14:02/00:18:31"]

 1. e4 c5 2. Nf3 e6 3. d4 cxd4 4. Nxd4 Nc6 5. Nb5 d6 6. c4 Nf6 7. N5c3 b6 8. Be2 Bb7 9. Be3 Rc8 10. Nd2 Be7 11. O-O O-O 12. f4 d5 13. e5 d4 14. exf6 Bxf6 15. Bf2 dxc3 16. Ne4 cxb2 17. Nxf6+ Qxf6 18. Rb1 Rfd8 19. Qa4 Nd4 20. Bd1 Qg6 21. Bg3 Qxb1 0-1

[Event "Livry-Gargan 2009"]
[Site "Livry-Gargan"]
[Date "2009.05.10"]
[Round "1"]
[White "Vaisser, A."]
[Black "Sotelo, R"]
[Result "1-0"]
[WhiteElo "2650"]
[BlackElo "2170"]
[Time "00:13:09/00:14:22"]

 1. d4 Nf6 2. c4 d5 3. cxd5 Nxd5 4. Nf3 g6 5. e4 Nb6 6. Nc3 Bg7 7. Be3 O-O 8. h4 h5 9. Ng5 Nc6 10. d5 Ne5 11. Bd4 c6 12. f4 Ng4 13. Bxg7 Kxg7 14. Qd4+ f6 15. Nf3 cxd5 16. exd5 Bf5 17. Rd1 Kh7 18. Bd3 Qd7 19. O-O Rad8 20. Rfe1 Nc8 21. Bxf5 Qxf5 22. Qd2 Rd7 23. Nd4 Rxd5 24. Nxd5 Qxd5 25. Ne6 Qxd2 26. Nxf8+ Kg7 27. Rxd2 1-0

[Event "Livry-Gargan 2009"]
[Site "Livry-Gargan"]
[Date "2009.05.10"]
[Round "1"]
[White "Pepin, O."]
[Black "Goldsztein, G."]
[Result "0-1"]
[WhiteElo "2160"]
[BlackElo "2650"]
[Time "00:01:22/00:13:45"]

 1. e4 c5 2. c3 d5 3. exd5 Qxd5 4. d4 g6 5. dxc5 Qxc5 6. Na3 Nf6 7. Be3 Qd5 8. Nf3 Bg4 9. Be2 Bg7 10. h3 Bd7 11. Bc4 Qxd1+ 12. Rxd1 O-O 13. Ne5 e6 14. O-O Bc6 15. f3 Nd5 16. Bd4 Nb6 17. Nxc6 Nxc6 18. Bxb6 axb6 19. Rd7 Ne5 20. Rxb7 Rxa3 21. bxa3 Nxc4 22. Rc7 Nxa3 23. c4 Rd8 24. Rc1 Bb2 25. Re1 Rd2 26. Kh1 Bd4 27. Rc1 Rxa2 0-1

[Event "Livry-Gargan 2009"]
[Site "Livry-Gargan"]
[Date "2009.05.10"]
[Round "1"]
[White "David, A."]
[Black "Bekkat, A."]
[Result "1-0"]
[WhiteElo "2590"]
[BlackElo "2150"]
[Time "00:04:24/00:00:00"]

 1. e4 c5 2. Nf3 d6 3. d4 cxd4 4. Nxd4 Nf6 5. Nc3 g6 6. Bc4 Bg7 7. Bb3 Nc6 8. h3 Nxd4 9. Qxd4 O-O 10. O-O Qa5 11. Qd3 Bd7 12. Bd2 Qc7 13. Rfe1 Rac8 14. Rad1 Rfd8 15. Bg5 Bc6 16. Nd5 Bxd5 17. exd5 a6 18. c3 h6 19. Bh4 Qd7 20. Re3 Kf8 21. Rde1 Re8 22. Qe2 Rc7 23. g4 Rc5 24. Qd1 b5 25. a3 Qb7 26. Rd3 Nd7 27. f4 Rc7 28. Rde3 Nb6 29. Qf3 Nc4 30. Bxc4 bxc4 31. R1e2 a5 32. Kg2 Qa7 33. Bf2 Qb8 34. h4 Rb7 35. f5 g5 36. hxg5 hxg5 37. Re4 Rxb2 38. Rxc4 Qb5 39. Rxb2 Qxc4 40. Rb6 Qxc3 41. Qxc3 Bxc3 42. Be3 f6 43. Rc6 Bb2 44. a4 Ba3 45. Bb6 Bb4 46. Rc7 Ra8 47. Kf3 Rb8 48. Ba7 Ra8 49. Ke4 Ke8 50. Kd3 Kd8 51. Rb7 Rc8 52. Bb6+ Ke8 53. Rc7 Ra8 54. Kc4 Rb8 55. Ba7 Ra8 56. Kb5 Bd2 57. Kc6 Kd8 58. Bb6 Ke8 59. Kb7 Rd8 60. Rc8 Rxc8 61. Kxc8 Bb4 62. Kc7 Bd2 63. Kc6 Bc3 64. Kb5 Kd7 65. Bxa5 Bd4 66. Bb6 Bb2 67. a5 Kc8 68. Kc6 1-0

[Event "Livry-Gargan 2009"]
[Site "Livry-Gargan"]
[Date "2009.05.10"]
[Round "1"]
[White "Daurelle, H."]
[Black "Fressinet, L."]
[Result "0-1"]
[WhiteElo "2150"]
[BlackElo "2580"]
[Time "00:00:00/00:04:31"]

1. e4 e5 2. Nf3 Nc6 3. Bb5 Nf6 4. O-O Nxe4 5. d4 Nd6 6. Bxc6 dxc6 7. dxe5 Nf5 8. Qxd8+ Kxd8 9. Nc3 Ke8 10. h3 b6 11. Bf4 Bb4 12. g4 Bxc3 13. bxc3 Ne7 14. Nd4 h5 15. f3 Be6 16. Bg5 hxg4 17. hxg4 Bc4 18. Rfe1 c5 19. Ne2 Nd5 20. Ng3 Nxc3 21. Nf5 Rh7 22. Re3 Ne2+ 23. Kg2 g6 24. Nh6 Kf8 25. c3 Re8 26. Re1 Re6 27. R1xe2 Bxe2 28. Rxe2 f6 29. Bxf6 Rxh6 30. Rd2 Rh7 31. f4 Rf7 32. g5 Rh7 33. f5 gxf5 34. g6 Rhe7 35. Rd8+ Re8 36. Rd7 Rxe5 37. Rh7 Re2+ 38. Kf1 Re1+ 39. Kf2 R1e2+ 40. Kf1 Re1+ 41. Kf2 R8e2+ 42. Kf3 Ke8 43. Rh8+ Kd7 44. Rd8+ Kc6 45. g7 Re8 46. Rxe8 Rxe8 47. Kf4 Kb5 48. Kxf5 Rg8 49. Kg6 Ka4 50. Kf7 Rxg7 51. Bxg7 Ka3 52. Ke6 Kxa2 53. Kd7 Kb3 54. Kxc7 c4 55. Kb7 a5 56. Kxb6 a4 57. Bf8 Kxc3 58. Ka5 Kb3 59. Kb5 c3 60. Bg7 c2 61. Bh6 a3 62. Kc5 0-1

[Event "Livry-Gargan 2009"]
[Site "Livry-Gargan"]
[Date "2009.05.10"]
[Round "1"]
[White "Barsov, A."]
[Black "Rusev, R Y."]
[Result "1-0"]
[WhiteElo "2560"]
[BlackElo "2150"]
[Time "00:05:01/00:05:27"]

1. d4 Nf6 2. Nf3 c5 3. d5 d6 4. Nc3 g6 5. e4 Bg7 6. Be2 O-O 7. O-O e5 8. Nd2 Nbd7 9. Nc4 Ne8 10. a4 f5 11. exf5 gxf5 12. f4 Qe7 13. Kh1 Kh8 14. a5 Rb8 15. Nb5 a6 16. Na7 e4 17. Ra3 Ndf6 18. Nxc8 Rxc8 19. Rg3 Nc7 20. Ne3 Qd7 21. Rg5 Nfe8 22. Rxf5 Nf6 23. g4 Nb5 24. g5 Ng8 25. Rxf8 Rxf8 26. c3 Qc7 27. Qa4 h6 28. Qxe4 hxg5 29. fxg5 Rxf1+ 30. Bxf1 Qf7 31. Qh4+ 1-0

[Event "Livry-Gargan 2009"]
[Site "Livry-Gargan"]
[Date "2009.05.10"]
[Round "2"]
[White "Shchekachev, A."]
[Black "Draoui, N."]
[Result "1-0"]
[WhiteElo "2770"]
[BlackElo "2340"]
[Time "00:11:23/00:07:54"]

1. Nf3 Nf6 2. c4 c6 3. d4 d5 4. Nc3 a6 5. a4 e6 6. Bf4 dxc4 7. e3 Nd5 8. Bxc4 Nxf4 9. exf4 Be7 10. O-O O-O 11. Qe2 Nd7 12. Rfd1 Nf6 13. Ne5 a5 14. Rac1 Bd7 15. g3 Be8 16. Ne4 Nxe4 17. Qxe4 Qd6 18. f5 exf5 19. Qxf5 Bf6 20. h4 Rd8 21. Bb3 Qb4 22. Bc2 g6 23. Qxf6 Rxd4 24. h5 gxh5 25. Rxd4 Qxd4 26. Qg5+ 1-0

[Event "Livry-Gargan 2009"]
[Site "Livry-Gargan"]
[Date "2009.05.10"]
[Round "2"]
[White "Feller, S."]
[Black "Kazhgaleyev, M."]
[Result "1-0"]
[WhiteElo "2360"]
[BlackElo "2750"]
[Time "00:05:52/00:02:36"]

 1. d4 d5 2. c4 c6 3. Nf3 Nf6 4. Nc3 dxc4 5. a4 Bf5 6. Ne5 Nbd7 7. Nxc4 Qc7 8. g3 e5 9. dxe5 Nxe5 10. Bf4 Nfd7 11. Bg2 g5 12. Ne3 gxf4 13. Nxf5 O-O-O 14. Qc2 Kb8 15. O-O-O Ng6 16. Ne4 Bb4 17. Rd4 a5 18. Rhd1 Nde5 19. Nfd6 Ng4 20. Nc5 Bxc5 21. Qxc5 Nxf2 22. Nxb7 Rxd4 23. Rxd4 Qxb7 24. Qxa5 Qc7 25. Rb4+ Kc8 26. Qa6+ Kd8 27. Rb7 Qc8 28. Qb6+ Ke8 29. Rb8 Qxb8 30. Qxb8+ Ke7 31. Qa7+ Kf6 32. Qxf2 1-0

[Event "Livry-Gargan 2009"]
[Site "Livry-Gargan"]
[Date "2009.05.10"]
[Round "2"]
[White "Tregubov, P."]
[Black "Milliet, S."]
[Result "1-0"]
[WhiteElo "2660"]
[BlackElo "2320"]
[Time "00:01:05/00:00:00"]

 1. d4 d5 2. c4 c6 3. Nf3 Nf6 4. e3 a6 5. Bd2 e6 6. Qc2 Be7 7. Nc3 O-O 8. e4 dxe4 9. Nxe4 Nxe4 10. Qxe4 c5 11. dxc5 Nd7 12. Bd3 Nf6 13. Qe2 Bxc5 14. O-O b6 15. b4 Be7 16. Rfd1 Bb7 17. Bf4 Qc8 18. a3 Qc6 19. Qf1 Rfd8 20. Ne5 Qe8 21. Qe2 Nd7 22. Qg4 Nxe5 23. Bxe5 Bf8 24. Bc7 f5 25. Qh3 Rd4 26. Bxb6 Rg4 27. f3 Rg6 28. c5 Rh6 29. Qg3 Qh5 30. Be2 g5 31. h3 Bg7 32. Rac1 e5 33. Rd7 Bc6 34. Bc4+ Kh8 35. Rxg7 Kxg7 36. Qxe5+ Rf6 37. Bd8 Rxd8 38. Qe7+ Kg6 39. Qxd8 Bxf3 40. Re1 Be4 41. Qe8+ Kh6 42. Qxh5+ Kxh5 43. Be2+ Kg6 44. Kf2 f4 45. Bf3 Bxf3 46. Kxf3 Kf5 47. a4 h5 48. b5 g4+ 49. hxg4+ hxg4+ 50. Kf2 axb5 51. axb5 Rf8 52. b6 Ra8 53. b7 Ra2+ 54. Kf1 Rb2 55. c6 f3 56. gxf3 gxf3 57. c7 1-0

[Event "Livry-Gargan 2009"]
[Site "Livry-Gargan"]
[Date "2009.05.10"]
[Round "2"]
[White "Doncea, V."]
[Black "Vaisser, A."]
[Result "1/2-1/2"]
[WhiteElo "2330"]
[BlackElo "2650"]
[Time "00:02:28/00:01:32"]

 1. c4 e6 2. Nf3 d5 3. d4 c6 4. Qc2 dxc4  5.Qxc4 Nf6 6. g3 b5 7. Qd3 Bb7 8. Bg2  Be7 9.  O-O O-O 10. Nc3 b4 11. Ne4 Nxe4 12. Qxe4 Nd7 13. Rd1 Nf6 14. Qc2 Qb6 15. Bg5 Rfd8 16. a4 a5 17. Ne5 Rxd4 18. Nxc6 Bxc6 19. Qxc6 Qxc6 20. Bxc6 Rxd1+ 21. Rxd1 Rc8 22. Rc1 Kf8 23. Bf3 Rxc1+ 24. Bxc1 Nd7 25. Bc6 Nc5 26. Bf4 Nb3 27. Bb5 Bd8 28. Bc4 Nc5 29. b3 Ke7 30. h4 Bb6 31. Kg2 Ne4 32. f3 Nc3 33. e4 f6 34. Bd2 Nd1 35. Bd3 Be3 36. Be1 Bd4 37. f4 Bc3 38. Bf2 Nxf2 39. Kxf2 e5 40. f5 Kd6 41. Bc4 Kc5 42. h5 Kd4 43. Bd5 1/2-1/2

[Event "Livry-Gargan 2009"]
[Site "Livry-Gargan"]
[Date "2009.05.10"]
[Round "2"]
[White "Goldsztein, G."]
[Black "Graca, R."]
[Result "1-0"]
[WhiteElo "2650"]
[BlackElo "2290"]
[Time "00:06:01/00:00:23"]

 1. e4 c5 2. Nf3 Nc6 3. Bb5 d6 4. O-O Bd7 5. Re1 Nf6 6. c3 a6 7. Bf1 Bg4 8. h3 Bxf3 9. Qxf3 g6 10. d3 Bg7 11. Bf4 O-O 12. Nd2 b5 13. Bh2 Qb6 14. Qe3 Nd7 15. Rac1 a5 16. f4 a4 17. a3 Qb7 18. Nf3 Na5 19. e5 dxe5 20. fxe5 e6 21. d4 cxd4 22. cxd4 b4 23. Bd3 Rac8 24. Be4 Qb6 25. axb4 Qxb4 26. Qa3 Qxa3 27. bxa3 Nb6 28. Rc5 Nac4 29. Rb1 Nd7 30. Rxc8 Rxc8 31. Rb4 Nxa3 32. Rxa4 Nc4 33. Bf4 Ndb6 34. Ra7 Rd8 35. Rc7 Rc8 36. Rb7 Rd8 37. Bg5 Rc8 38. Be7 Bh6 39. Bc5 Na4 40. Rb4 Nc3 41. Bb7 Be3+ 42. Kh2 Rxc5 43. dxc5 Nxe5 44. Nxe5 1-0

[Event "Livry-Gargan 2009"]
[Site "Livry-Gargan"]
[Date "2009.05.10"]
[Round "2"]
[White "Laborde, S."]
[Black "David, A."]
[Result "0-1"]
[WhiteElo "2320"]
[BlackElo "2590"]
[Time "00:00:00/00:07:18"]

 1. e4 c5 2. Nc3 a6 3. Nf3 e6 4. d4 cxd4 5. Nxd4 Qc7 6. Be2 Nf6 7. O-O Nc6 8. Bg5 Be7 9. Kh1 O-O 10. f4 d6 11. Qd3 h6 12. Bh4 Bd7 13. Rad1 Nxd4 14. Qxd4 Bc6 15. e5 dxe5 16. fxe5 Nd5 17. Nxd5 Bxd5 18. Bxe7 Qxe7 19. c4 Bc6 20. Qf4 Rac8 21. Rd3 f5 22. Rd6 Be4 23. Rfd1 Rc7 24. b4 a5 25. b5 Rfc8 26. Qe3 Rc5 27. Rd7 Qf8 28. Qd4 Qe8 29. Bf3 Rxc4 30. Qe3 Qg6 31. Bxe4 Rxe4 32. Qb6 Rc2 33. Rg1 Re1 34. Qxb7 Rcc1 35. Qb6 Rxg1+ 0-1

[Event "Livry-Gargan 2009"]
[Site "Livry-Gargan"]
[Date "2009.05.10"]
[Round "2"]
[White "Fressinet, L."]
[Black "Pytel, K."]
[Result "1-0"]
[WhiteElo "2580"]
[BlackElo "2260"]
[Time "00:06:13/00:05:55"]

  1. d4 Nf6 2. Nf3 g6 3. c4 Bg7 4. Nc3 d5 5. cxd5 Nxd5 6. e4 Nxc3 7. bxc3 O-O 8. Be3 c5 9. Qd2 Qc7 10. Be2 Rd8 11. d5 e5 12. O-O Nd7 13. Rfd1 Nf6 14. d6 Qc6 15. Nxe5 Qxe4 16. Nf3 Bd7 17. Bxc5 Bc6 18. Re1 Qd5 19. Qxd5 Nxd5 20. Nd4 Nxc3 21. Nxc6 bxc6 22. Rac1 Ne4 23. Ba3 Bd4 24. Red1 Bxf2+ 25. Kf1 Be3 26. Rxc6 Bf4 27. Bf3 f5 28. Bxe4 fxe4 29. d7 Bg5 30. Rd5 h6 31. h4 Bxh4 32. Rxg6+ Kh7 33. Rg4 Bg5 34. Rxe4 Rab8 35. Rb4 Kg6 36. Rxb8 Rxb8 37. Rxg5+ hxg5 38. Be7  1-0

[Event "Livry-Gargan 2009"]
[Site "Livry-Gargan"]
[Date "2009.05.10"]
[Round "3"]
[White "Hauchard, A."]
[Black "Shchekachev, A."]
[Result "1-0"]
[WhiteElo "2460"]
[BlackElo "2770"]
[Time "00:02:04/00:00:00"]

 1. Nf3 g6 2. e4 d5 3. exd5 Qxd5 4. c4 Qd6 5. d4 Bg7 6. Nc3 c6 7. c5 Qd8 8. Bc4 Nf6 9. h3 O-O 10. O-O Na6 11. Re1 Nc7 12. Bf4 Ncd5 13. Bh2 b5 14. Bb3 a5 15. Ne5 Bb7 16. a4 b4 17. Nxd5 Nxd5 18. Bc4 e6 19. Qd3 Qg5 20. Rad1 Rfd8 21. Qf3 Qf6 22. Qe4 Qg5 23. Rd3 Qf5 24. Qe2 Bxe5 25. Bxe5 Nf4 26. Qe3 Nxd3 27. Bxd3 Qh5 28. Qf4 Rd5 29. Qf6 Rxe5 30. dxe5 Qh6 31. Rd1 Qf8 32. Be4 Qg7 33. Rd8+ Rxd8 34. Qxd8+ Qf8 35. Qxa5 Qh6 36. Qd8+ Kg7 37. Qd4 Qc1+ 38. Kh2 b3 39. g3 Qe1 40. Kg2 Qe2 41. Bf3 Qc2 42. a5 Qc1 43. Be2 Qe1 44. a6 Qxe2 45. axb7 Qb5 46. Qd7 h5 47. h4 1-0

[Event "Livry-Gargan 2009"]
[Site "Livry-Gargan"]
[Date "2009.05.10"]
[Round "3"]
[White "Chabanon, J-L."]
[Black "Tregubov, P."]
[Result "1/2-1/2"]
[WhiteElo "2450"]
[BlackElo "2660"]
[Time "00:00:16/00:01:30"]

 1. d4 Nf6 2. Nf3 c5 3. d5 b5 4. Bg5 Qb6 5. a4 Bb7 6. axb5 Nxd5 7. e4 Nc7 8. Nc3 a6 9. Na4 Qg6 10. Nxc5 Bxe4 11. b6 Ne6 12. Nxe4 Qxe4+ 13. Be3 g6 14. Bd3 Qb7 15. O-O Bg7 16. Bc4 O-O 17. Bd5 Nc6 18. Ra2 Rfc8 19. c4 a5 20. Qa4 d6 21. Qb5 Nc5 22. b4 Na6 23. bxa5 e6 24. Be4 f5 25. Bxc6 Rxc6 26. Nd4 Rc5 27. Nxe6 Rxb5 28. cxb5 Nb4 29. a6 Nxa6 30. bxa6 Rxa6 31. Rc2 Ra1 32. Rxa1 Bxa1 33. h4 Be5 34. f4 Qd5 35. Rc8+ Kf7 36. Ng5+ Kf6 37. fxe5+ Qxe5 38. Bf2 Qa1+ 39. Kh2 Qe5+ 40. g3 Qb2 41. Kg1 f4 42. Rf8+ Ke5 43. Rxf4 Qb1+ 44. Kg2 h6 45. Nf3+ Kd5 46. Rd4+ Kc6 47. Rc4+ Kd5 48. Rg4 Kc6 49. h5 g5 50. Rc4+ Kd5 51. Rd4+ Kc6 52. Nd2 Qb5 53. Nc4 d5 54. Ne5+ Kb7 55. Ng4 Qxb6 56. Rd2 Qe6 57. Rd4 Kc6 58. Ne3 Qf7 59. g4 Kd6 60. Rxd5+ Ke6 61. Rf5 Qb7+ 62. Nd5 Qc6 63. Kg3 Qb7 64. Be3 Qb1 65. Bf2 Qd3+ 66. Be3 1/2-1/2

[Event "Livry-Gargan 2009"]
[Site "Livry-Gargan"]
[Date "2009.05.10"]
[Round "3"]
[White "Elbilia, J."]
[Black "Guliyev, N"]
[Result "0-1"]
[WhiteElo "2430"]
[BlackElo "2650"]
[Time "00:00:00/00:00:28"]

  1. d4 d5 2. Nf3 Nf6 3. Bf4 e6 4. e3 Bd6 5. Bg3 Ne4 6. Nbd2 Nxg3 7. hxg3 b6 8. c3 Bb7 9. Bd3 Nd7 10. Qe2 Qe7 11. e4 dxe4 12. Bxe4 c6 13. O-O Nf6 14. Bd3 O-O 15. Ne4 c5 16. Nxf6+ Qxf6 17. Be4 Bxe4 18. Qxe4 cxd4 19. Nxd4 Qe5 20. Qxe5 Bxe5 21. Rad1 Rac8 22. Nf3 Bf6 23. Rd7 a6 24. Rfd1 Rfd8 25. Rxd8+ Rxd8 26. Rxd8+ Bxd8 27. Kf1 h5 28. a4 Kf8 29. Ke2 Ke7 30. Kd3 Kd6 31. b4 f5 32. Nd2 e5 33. Nc4+ Ke6 34. f3 Bc7 35. b5 axb5 36. axb5 g6 37. Ne3 Bd6 38. c4 Bc5 39. Nd5 Kd6 40. Ke2 Bd4 41. Kd3 Bg1 42. Ke2 Bc5 43. Kd3 Ke6 44. Nc3 g5 45. Nd5 g4 46. Nc7+ Kf7 47. Nd5 Bg1 48. Ke2 Ke6 49. Kd3 Bc5 50. Ke2 Kf7 51. Nc3 Bd4 52. Nd5 Bg1 53. Kf1 Bc5 54. Ke2 Kg6 55. Nc3 Kg5 56. Na4 Bd4 57. c5 bxc5 58. Nb6 Kf6 59. Nc4 Ke6 60. Kd3 Kd5 61. Nb6+ Ke6 62. Nc4 Bf2 63. b6 Bxg3 64. fxg4 e4+ 65. Ke3 hxg4 66. b7 Kd5 67. Nb6+ Kc6 68. Nc8 Kxb7 69. Ne7 f4+ 70. Kxe4 Kb6 71. Nf5 Kb5 72. Kd3 Kb4 73. Kc2 c4 74. Nh6 f3 75. gxf3 gxf3 76. Ng4 f2 0-1

[Event "Livry-Gargan 2009"]
[Site "Livry-Gargan"]
[Date "2009.05.10"]
[Round "3"]
[White "Boudiba, M."]
[Black "Goldsztein, G."]
[Result "0-1"]
[WhiteElo "2410"]
[BlackElo "2650"]
[Time "00:00:21/00:01:57"]

 1. d4 Nf6 2. c4 c5 3. d5 e6 4. Nc3 exd5 5. cxd5 d6 6. e4 g6 7. Nf3 a6 8. a4 Bg4 9. Be2 Bxf3 10. Bxf3 Nbd7 11. O-O Bg7 12. Be2 O-O 13. f4 Re8 14. Qc2 c4 15. Bxc4 Rc8 16. Bd3 b5 17. axb5 axb5 18. Qe2 b4 19. Na4 Nxe4 20. Bxe4 Nf6 21. f5 Rxe4 22. Qd3 Re5 23. Bg5 h6 24. Bxf6 Qxf6 25. Nb6 Rd8 26. Nc4 Rxf5 27. Rxf5 gxf5 28. Rf1 f4 29. Kh1 Rc8 30. h3 Rc5 31. Qe4 Qg6 32. Qxf4 Rxd5 33. b3 Rd4 34. Qe3 Re4 35. Qd2 Re6 36. Qxb4 d5 37. Qb8+ Kh7 38. Na5 Re2 39. Qh2 Ra2 40. b4 d4 41. Qg1 d3 42. Rd1 Qe4 43. Qf1 Re2 44. Nb3 Kg8 45. Nc5 Qxb4 46. Nxd3 Qe4 47. Nf4 Rb2 48. Nh5 Qg6 49. Nxg7 Kxg7 50. Rd3 h5 51. Rd1 h4 52. Qf3 Rc2 53. Qd3 Qxg2# 0-1

[Event "Livry-Gargan 2009"]
[Site "Livry-Gargan"]
[Date "2009.05.10"]
[Round "3"]
[White "David, A."]
[Black "Moussard, J."]
[Result "0-1"]
[WhiteElo "2590"]
[BlackElo "2440"]
[Time "00:01:49/00:06:25"]

 1. e4 c5 2. Nf3 d6 3. d4 cxd4 4. Nxd4 Nf6 5. Nc3 e5 6. Bb5+ Nbd7 7. Nf5 a6 8. Ba4 b5 9. Bb3 Nc5 10. Qf3 b4 11. Nd5 Nxb3 12. Nxf6+ Qxf6 13. axb3 d5 14. Ra5 Bb7 15. exd5 Qd8 16. Ra1 Bxd5 17. Qg3 Qf6 18. Ra5 Qxf5 19. O-O Rd8 20. Rd1 Be6 21. Rxd8+ Kxd8 22. h3 Qxc2 23. Bg5+ f6 24. Rxa6 Bc8 25. Rxf6 gxf6 26. Bxf6+ Ke8 27. Bxh8 Qc1+ 28. Kh2 Qf4 29. Bxe5 Qxg3+ 30. Kxg3 Be6 31. f4 Kf7 32. Kf2 Bc5+ 33. Ke2 Bxb3 34. g4 Ke6 35. Bg7 Kd5 36. g5 Ke4 37. Be5 Bc4+ 38. Ke1 Be3 39. Bd6 b3 40. h4 Bxf4 0-1

[Event "Livry-Gargan 2009"]
[Site "Livry-Gargan"]
[Date "2009.05.10"]
[Round "3"]
[White "Brunner, N."]
[Black "Fressinet, L."]
[Result "1/2-1/2"]
[WhiteElo "2400"]
[BlackElo "2580"]
[Time "00:00:00/00:00:36"]

1. d4 d5 2. c4 c6 3. Nc3 Nf6 4. Nf3 dxc4 5. a4 Bf5 6. e3 e6 7. Bxc4 Bb4 8. O-O Nbd7 9. Qb3 a5 10. Na2 Be7 11. Qxb7 O-O 12. Qb3 c5 13. Nc3 Ne4 14. Nxe4 Bxe4 15. Nd2 Rb8 16. Bb5 Bd5 17. Qd3 cxd4 18. exd4 Bd6 19. Nf3 h6 20. Re1 Nf6 21. Ne5 Qb6 22. Bd2 Rfd8 23. Rac1 Rbc8 24. Rxc8 Rxc8 25. Rc1 Rxc1+ 26. Bxc1 Qb7 27. f3 Qb8 28. Qe3 Ba8 29. Qe1 Nd5 30. Bd2 Qa7 31. Qf2 Qc7 32. g3 f6 33. Nc4 Bb4 34. Bxb4 Nxb4 35. Qe3 Bd5 36. b3 Qa7 37. Qc3 h5 38. Nd2 h4 39. gxh4 Qb8 40. Bc4 Qf4 41. Nf1 Bxf3 42. Bxe6+ Kh7 43. Qe3 Qxe3+ 44. Nxe3 Nc6 45. d5 Nd4 46. Nc4 Nxb3 47. d6 Nc5 48. Bf5+ g6 49. d7 Nb7 50. Nxa5 Nd8 51. Bd3 Kg7 52. Kf2 Ba8 53. Nc4 Kf7 54. Nb6 Bc6 55. a5 f5 56. a6 Ke6 57. a7 Kd6 58. h5 gxh5 59. a8=Q Bxa8 60. Nxa8 Kxd7 61. Bxf5+ Kc6 62. Kg3 Nf7 63. Be4+ Kd6 64. Kh4 Ke5 65. Bf3 Kf4 66. Bxh5 Nd6 67. Bg6 Nc4 68. Nc7 Ne5 69. Ne6+ {...}  1/2-1/2

[Event "Livry-Gargan 2009"]
[Site "Livry-Gargan"]
[Date "2009.05.10"]
[Round "3"]
[White "Barsov, A."]
[Black "Dgebuadze, A."]
[Result "1/2-1/2"]
[WhiteElo "2560"]
[BlackElo "2400"]
[Time "00:18:47/00:18:07"]

 1. d4 d5 2. c4 e6 3. Nf3 c6 4. e3 f5 5. Be2 Nf6 6. O-O Bd6 7. b3 Qe7 8. a4 O-O 9. Ba3 Bxa3 10. Nxa3 b6 11. Nc2 Ne4 12. Nce1 Nd7 13. Nd3 Bb7 14. Qc2 1/2-1/2

[Event "Livry-Gargan 2009"]
[Site "Livry-Gargan"]
[Date "2009.05.10"]
[Round "3"]
[White "Amigues, E."]
[Black "Edouard, R."]
[Result "0-1"]
[WhiteElo "2390"]
[BlackElo "2560"]
[Time "00:08:28/00:06:17"]

 1. d4 Nf6 2. c4 c5 3. d5 e6 4. Nc3 exd5 5. cxd5 d6 6. Nf3 g6 7. h3 a6 8. a4 Qe7 9. g3 Bg7 10. Bg2 O-O 11. O-O Nbd7 12. Bf4 Re8 13. Nd2 Nh5 14. Nc4 Nxf4 15. gxf4 Nf6 16. a5 Bd7 17. Qb3 Rab8 18. Qb6 Bf8 19. e4 Nh5 20. Ne2 Bb5 21. Rfc1 Nf6 22. Ng3 Nd7 23. Qa7 Ra8 24. Qxb7 Reb8 25. Qc7 Rc8 26. Qb7 Rab8 27. Qa7 Ra8 28. Qb7 Qd8 29. Nb6 Rcb8 30. Qxa8 Rxa8 31. Nxa8 Qxa8 32. Re1 Bh6 33. f5 Ne5 0-1

[Event "Livry-Gargan 2009"]
[Site "Livry-Gargan"]
[Date "2009.05.10"]
[Round "4"]
[White "Guliyev, N"]
[Black "Hauchard, A."]
[Result "1-0"]
[WhiteElo "2650"]
[BlackElo "2460"]
[Time "00:12:40/00:11:54"]

 1. e4 c5 2. Nf3 d6 3. d4 cxd4 4. Nxd4 Nf6 5. Nc3 e5 6. Bb5+ Nbd7 7. Nde2 a6 8. Bxd7+ Bxd7 9. Bg5 Bc6 10. O-O Be7 11. Bxf6 Bxf6 12. Nd5 O-O 13. c4 g6 14. Qd3 Bg7 15. Nec3 f5 16. Rad1 Qg5 17. b4 Rad8 18. a4 Bd7 19. a5 Be6 20. Rb1 Rf7 21. b5 Bf8 22. bxa6 bxa6 23. Rb6 Ra8 24. c5 Qd8 25. c6 Qc8 26. f3 Bh6 27. Rfb1 fxe4 28. Nxe4 Bxd5 29. Qxd5 Be3+ 30. Kh1 Bxb6 31. axb6 1-0

[Event "Livry-Gargan 2009"]
[Site "Livry-Gargan"]
[Date "2009.05.10"]
[Round "4"]
[White "Edouard, R."]
[Black "EK, S."]
[Result "1-0"]
[WhiteElo "2560"]
[BlackElo "2200"]
[Time "00:07:09/00:04:10"]

 1. e4 e6 2. d4 d5 3. Nc3 Bb4 4. e5 Ne7 5. a3 Bxc3+ 6. bxc3 O-O 7. Bd3 f5 8. exf6 Rxf6 9. Bg5 Rf7 10. Nf3 Nbc6 11. O-O Qf8 12. Bxe7 Qxe7 13. Bb5 Nd8 14. Ne5 Rf6 15. f4 Nf7 16. Ng4 Rf5 17. Bd3 Nd6 18. Bxf5 exf5 19. Ne5 Ne4 20. Qd3 a5 21. c4 c6 22. c5 Be6 23. Rab1 Rc8 24. Rf3 g5 25. fxg5 Qxg5 26. Rxb7 Kh8 27. Rh3 h5 28. Qe2 Nf6 29. Ng6+ Qxg6 30. Qxe6 Re8 31. Rxh5+ 1-0

[Event "Livry-Gargan 2009"]
[Site "Livry-Gargan"]
[Date "2009.05.10"]
[Round "4"]
[White "Agrest, E."]
[Black "Eid, M."]
[Result "0-1"]
[WhiteElo "2410"]
[BlackElo "1930"]
[Time "00:13:11/00:11:03"]

 1. c4 Nf6 2. Nf3 e6 3. Nc3 b6 4. e4 d6 5. d4 Bb7 6. Bd3 Nbd7 7. h3 e5 8. d5 Be7 9. Be3 a5 10. b3 O-O 11. g4 Nc5 12. Bc2 Nfd7 13. a3 Na6 14. h4 c6 15. g5 Nc7 16. Qe2 Rb8 17. Rd1 b5 18. cxb5 cxb5 19. b4 axb4 20. axb4 Na6 21. Rb1 Nc7 22. Nd2 f5 23. exf5 Nxd5 24. Bb3 Nb6 25. Bxb6 Qxb6 26. Nxd5 Bxd5 27. Bxd5+ Kh8 28. Qe3 Qc7 29. Qe4 Qc3 30. Rb3 Qc7 0-1

[Event "Livry-Gargan 2009"]
[Site "Livry-Gargan"]
[Date "2009.05.10"]
[Round "4"]
[White "Romero, V."]
[Black "Vachier-Lagrave, M."]
[Result "0-1"]
[WhiteElo "1860"]
[BlackElo "2490"]
[Time "00:02:06/00:13:25"]

  1. e4 c5 2. Nf3 e6 3. d4 cxd4 4. Nxd4 a6 5. Bd3 Bc5 6. Nb3 Be7 7. Nc3 d6 8. O-O Nf6 9. Be3 Nbd7 10. f4 b5 11. a4 b4 12. Ne2 Bb7 13. Ng3 h5 14. Nd2 h4 15. Ne2 Ng4 16. Bd4 e5 17. Bf2 d5 18. exd5 Nxf2 19. Rxf2 Bc5 20. Qe1 Bxd5 21. Be4 Nf6 22. Bxd5 Qxd5 23. Nb3 Bxf2+ 24. Qxf2 h3 25. fxe5 Qxe5 26. Re1 O-O 27. Ng3 Qd5 28. Nf5 Qxg2+ 29. Qxg2 hxg2 30. Kxg2 Rfe8 31. Rxe8+ Rxe8 32. Kf3 Nd7 33. a5 Ne5+ 34. Kf4 Nc4 35. Nc5 Nxa5 36. Nxa6 Nc6 37. Ne3 g5+ 38. Kf3 Kg7 39. Nd5 Nd4+ 40. Kf2 Re2+ 41. Kf1 Rxc2 42. Naxb4 Rxb2 43. Nd3 Rxh2 0-1

[Event "Livry-Gargan 2009"]
[Site "Livry-Gargan"]
[Date "2009.05.10"]
[Round "4"]
[White "Tregubov, P."]
[Black "Dgebuadze, A."]
[Result "1-0"]
[WhiteElo "2660"]
[BlackElo "2400"]
[Time "00:08:17/00:00:00"]

 1. d4 e6 2. c4 d5 3. Nf3 c6 4. e3 f5 5. Bd3 Nf6 6. O-O Bd6 7. b3 Qe7 8. Bb2 O-O 9. Nc3 Ne4 10. Ne2 Nd7 11. Rc1 Ndf6 12. Ne5 Bb4 13. f3 Bd2 14. fxe4 Bxe3+ 15. Kh1 fxe4 16. Bc2 Bxc1 17. Bxc1 Bd7 18. Bg5 Qe8 19. Ng3 b6 20. h3 Rc8 21. b4 c5 22. bxc5 bxc5 23. Bb3 dxc4 24. Bxc4 Bb5 25. Bxf6 gxf6 26. Qg4+ Kh8 27. Nh5 Qe7 28. Bxb5 fxe5 29. dxe5 Rxf1+ 30. Bxf1 c4 31. Qxe4 Qf7 32. Nf6 c3 33. Bd3 Qg6 34. Qb7 1-0